000 00671nam a2200181Ia 4500
008 151018s9999 xx 000 0 und d
082 _bRBASDV64394
_a891.463
100 _aशिवाजीराव बागल
245 _aगावशिवारातील माणस
250 _b1
260 _b"निखील प्रकाशन, कोल्हापूर"
_c2014
300 _a152
600 _aशिवाजीराव बागल
630 _aगावशिवारातील माणस
700 _aशिवाजीराव बागल
730 _aगावशिवारातील माणस
942 _cBOOK
999 _c1056734
_d1056731